IETU e IDE -Impuesto Empresarial a tasa n︢ica y a los deps̤itos en efectivo

Detalles Bibliográficos
Autor Corporativo: Instituto Mexicano de Contadores Pb︢licos
Formato: eBook
Lenguaje:español
Publicado: [Mx̌ico] : Instituto Mexicano de Contadores Pb︢licos, 2008.
Materias:
Acceso en línea:Acceso restringido

MARC

LEADER 00000nam a22000007a 4500
005 20110905142129.0
008 110905t2008 mx ||||s|||| 001 0 spa d
020 |a 970665321X 
035 |a 5399 
040 |a vLex 
090 |c 2377  |d 2377 
245 0 0 |a IETU e IDE -Impuesto Empresarial a tasa n︢ica y a los deps̤itos en efectivo  |h [Recurso electrn̤ico]  
256 |a Servicio en ln̕ea. 
260 |a [Mx̌ico] :  |b Instituto Mexicano de Contadores Pb︢licos,  |c 2008. 
300 |a 1 recurso electrn̤ico 
500 |a La presente obra editorial ha sido elaborada por importantes especialistas fiscales que pertenecen a la Comisin̤ Fiscal del Colegio de Contadores Pb︢licos de Mx̌ico, colegio de profesionistas afiliado al Instituto Mexicano de Contadores Pb︢licos. En este libro encontrarǹ comentarios a cada uno de los Artc̕ulos que conforman la Ley del Impuesto Empresarial a Tasa Única y la Ley del Impuesto a los Deps̤itos en Efectivo, as ̕como diversos ejemplos, sentencias y precedentes legales relativos a los temas de mayor relevancia.  
506 1 |a Contenido solo disponible en los productos indicados  |d vLex Global  |d vLex Global (Academic Edition, excluding Law Schools)  |d vLex Global (U.S. Academic Edition, Law Schools)  |d vLex Global (U.S. Academic Edition, excluding Law Schools)  |d vLex Global (Academic Edition, Law Schools) 
650 0 4 |a Derecho fiscal  |z Mx̌ico 
710 2 |a Instituto Mexicano de Contadores Pb︢licos 
740 0 |a vLex Libros (Servicio en ln̕ea) 
856 4 0 |u http://vlex.com/source/ietu-ide-impuesto-empresarial-tasa-unica-depositos-efectivo-5399  |z Acceso restringido 
942 |c BOOK